Gaming Quiz

Random Gaming Quiz

Mike Tyson's Punch Out!! Quiz Stats

 Plays Quiz Updated Mar 18, 2019

Score 0/12 Timer 04:00
5 Plays Today
% Correct
Mike Tyson
96.3%
Glass Joe
73.9%
King Hippo
70.9%
Little Mac
67.8%
Bald Bull
62.9%
Soda Popinski
61.6%
Piston Honda
54.2%
Don Flamenco
48.1%
Mr. Sandman
42.2%
Von Kaiser
38.7%
Super Macho Man
38%
Great Tiger
32.6%

You're not logged in!

Compare scores with friends on all Sporcle quizzes.
OR
Log In

Sporcle TV

Today on Sporcle TV


Watch our educational content, quiz creation guides, and fun videos on Sporcle TV.

Show Comments

Extras

Top Quizzes Today


Score Distribution

Your Account Isn't Verified!

In order to create a playlist on Sporcle, you need to verify the email address you used during registration. Go to your Sporcle Settings to finish the process.

Report this User

Report this user for behavior that violates our Community Guidelines.

Details: